000 01063nasaa22002292ib4500
003 OSt
005 20250210131234.0
008 250210b2025 dr fr|gsdpspao00| z spa d
040 _aCGID0020
_bspa
_cCGID0020
_erda
110 _aInstituto Dominicano de Evaluación e Investigación de la Calidad Educativa
245 _aRevista de Investigación y Evaluación Educativa
_bVol. 12 Núm. 1 (2025): Revie
260 _aRepublica Dominicana, Santo Domingo :
_bIDEICE
_c2025
300 _a103p.
310 _aSemetral
505 _aJesús Andújar Avilés 2- Mario Cavani 3- Sara Padilla-Cuerda, Sabina Civila 4- Milagros de Jesús Guzmán Martínez, Rosario Ynmaculada Cáceres Rosario, Luis Miguel Pacheco Ferreira 5- Alejandro Díaz-Cabriales
700 _aJesús Andújar Avilés 2- Mario Cavani
700 _a3- Sara Padilla-Cuerda, Sabina Civila
700 _a 4- Milagros de Jesús Guzmán Martínez ; Rosario Ynmaculada Cáceres Rosario ;
700 _aLuis Miguel Pacheco Ferreira
700 _a5- Alejandro Díaz-Cabriales
942 _2ddc
_cREV
_n0
999 _c12492
_d12492